00665 2200253 4500001002100000005001700021008004100038020001800079035002400097090002000121100001700141245006300158250001100221260002700232300002400259500003300283650001000316700001800326850001500344980001400359985000600373986001100379999002100390YOGYA-0209000004583420090227030957.0 ind  a979-731-867-2 0010-020900000045834 a231bWon GlDEP aWONG, Amy Ng aGod from Ato ZcAmy Ng. Wong ; penerjemah, Yopi Jalu Paksi aCet. 1 aYogyakartabAndic2005 axvi, 186 hlmc20 cm aJudul asli : God from A to Z aTuhan aPaksi, Amy Ng aYOPDYOG(M) a27-3-2007 a1 aPrames a2005-777hCB-D.11